002790000a2200073000450024500950000004100140009510000330010977300630014210aBosques y reforestación suna inversión libre de enfermedades patológicas epidemicas0 aEspañol1 aBuriticá Céspedes, Pablo1 tCrónica Forestal y del Medio Ambienteh10q135-146d1995